Welcome to CU Library Online Public Access Catalogue (OPAC)

MASTERING COMMUNICATION (Record no. 1893)

MARC details
000 -LEADER
fixed length control field 00405nam a22001577a 4500
005 - DATE AND TIME OF LATEST TRANSACTION
control field 20241202132959.0
008 - FIXED-LENGTH DATA ELEMENTS--GENERAL INFORMATION
fixed length control field 241202b |||||||| |||| 00| 0 eng d
020 ## - INTERNATIONAL STANDARD BOOK NUMBER
International Standard Book Number 1403917094
050 ## - LIBRARY OF CONGRESS CALL NUMBER
Classification number P 90 STA
100 ## - MAIN ENTRY--PERSONAL NAME
Personal name STANTON NICKY
245 ## - TITLE STATEMENT
Title MASTERING COMMUNICATION
250 ## - EDITION STATEMENT
Edition statement FOURTH ED.
260 ## - PUBLICATION, DISTRIBUTION, ETC.
Place of publication, distribution, etc. HOUNDMILLS
Name of publisher, distributor, etc. PALGRAVE,MACMILLLAN
Date of publication, distribution, etc. c2004
500 ## - GENERAL NOTE
General note XIV,438p.,ILLUS.,INDEX
942 ## - ADDED ENTRY ELEMENTS (KOHA)
Source of classification or shelving scheme Library of Congress Classification
Koha item type Books
Suppress in OPAC No
999 ## -
-- 1893
-- 1893
Holdings
Withdrawn status Lost status Source of classification or shelving scheme Damaged status Not for loan Collection Home library Current library Date acquired Total checkouts Full call number Barcode Date last seen Copy number Price effective from Koha item type Shelving location
    Library of Congress Classification     Non-fiction Business Library (Miotso) Business Library (Miotso) 03/27/2026   P90 STA BSSM00003079 03/27/2026 2 03/27/2026 Books General stacks
    Library of Congress Classification     Non-fiction Graduate Library (Christ Temple) Graduate Library (Christ Temple) 12/02/2024   P 90 STA gsct00000210 12/02/2024 1 12/02/2024 Books  
© 2023-2024 Copyright: Central University Libraries. All Rights Reserved | Created by: Mahone Tech Office